| 000 | 00993cam a2200349 4500 | ||
|---|---|---|---|
| 001 | J97882 | ||
| 008 | 090401t1999 xxu||||| |||| 00| 0 eng d | ||
| 035 | _a(Sirsi) u92568 | ||
| 041 | _aeng | ||
| 050 | _a692.2 | ||
| 100 | _aLey, Tony | ||
| 245 | 4 | _aThe building control system : the highway code of construction (sound recording). | |
| 260 |
_aLondon _bRICS _c1999 |
||
| 300 | _a1 sound cassette (60 min.) | ||
| 350 | _a14.1 | ||
| 490 | _aOwlion Audio Programme | ||
| 650 | _aAPPROVED INSPECTORS | ||
| 650 | _aAUDIO CASSETTES | ||
| 650 |
_aBUILDING CONTROL _96222 |
||
| 650 |
_aBUILDING REGULATIONS _96224 |
||
| 650 | _aLOCAL AUTHORITIES | ||
| 690 | _aBUILT ENVIRONMENT | ||
| 700 | _aBoyce, John | ||
| 700 | _aLavers, Ron | ||
| 700 | _aNewman, Patricia | ||
| 700 | _aWilliams, Kelvin | ||
| 700 | _aWoolnough, Derek | ||
| 710 |
_aRoyal Institution of Chartered Surveyors _94900 |
||
| 710 |
_aCollege of Estate Management _9400 |
||
| 942 | _n0 | ||
| 948 | _c06/04/1999 | ||
| 999 |
_c97756 _d97756 |
||